000 00344pam a2200157a 44500
008 230515b1939 xxu||||| |||| 00| 0 eng d
020 _aNULL
041 _aHINDI
082 _a1
100 _aDIXIT
245 _aTRIDHATU-TRIDOSHCHARCH
250 _a1
260 _aSANGAI
_bN.D.
_c1939
300 _a100
650 _aTRIDHATU-TRIDOSHCHARCH
999 _c497013
_d497013